| Tag |
First Indicator |
Second Indicator |
Subfields |
| LEADER |
00000pam a2200000 a 4500 |
| 001 |
in00000079848 |
| 005 |
20151008054024.0 |
| 008 |
810825s1981 ne a b 10110 eng |
| 010 |
|
|
|a 81014418
|
| 020 |
|
|
|a 0444803726
|
| 035 |
|
|
|a (OCoLC)07774671
|
| 035 |
|
|
|9 AAH9385AM
|
| 039 |
0 |
|
|a 2
|b 3
|c 3
|d 3
|e 3
|
| 040 |
|
|
|a DLC
|c DLC
|d TXA
|d UtOrBLW
|
| 049 |
|
|
|a TXAM
|c [387258]
|
| 050 |
0 |
0 |
|a QH509
|b .I64 1981
|
| 082 |
0 |
|
|a 574.19/121
|2 19
|
| 111 |
2 |
|
|a International Symposium on Vectorial Reactions in Electron and Ion Transport in Mitochondria and Bacteria
|d (1981 :
|c Selva di Fasano, Italy)
|
| 245 |
1 |
0 |
|a Vectorial reactions in electron and ion transport in mitochondria and bacteria :
|b proceedings of the International Symposium on Vectorial Reactions in Electron and Ion Transport in Mitochondria and Bacteria, held in Selva di Fasano (Italy) May 19-22, 1981 /
|c editors, F. Palmieri [and others].
|
| 264 |
|
1 |
|a Amsterdam ;
|a New York :
|b Elsevier/North-Holland Biomedical Press ;
|c 1981.
|
| 264 |
|
2 |
|a New York, N.Y. :
|b Sole distributors for the USA and Canada, Elsevier North Holland,
|
| 300 |
|
|
|a xi, 429 pages :
|b illustrations ;
|c 25 cm.
|
| 336 |
|
|
|a text
|b txt
|2 rdacontent
|
| 337 |
|
|
|a unmediated
|b n
|2 rdamedia
|
| 338 |
|
|
|a volume
|b nc
|2 rdacarrier
|
| 490 |
1 |
|
|a Developments in bioenergetics and biomembranes ;
|v v. 5
|
| 504 |
|
|
|a Includes bibliographical references and index.
|
| 650 |
|
0 |
|a Biological transport
|v Congresses.
|
| 650 |
|
0 |
|a Mitochondria
|v Congresses.
|
| 650 |
|
0 |
|a Microbial metabolism
|v Congresses.
|
| 650 |
|
0 |
|a Cytochromes
|x Congresses.
|
| 700 |
1 |
|
|a Palmieri, F.
|q (Ferdinando)
|
| 830 |
|
0 |
|a Developments in bioenergetics and biomembranes ;
|v v. 5.
|
| 999 |
|
|
|a MARS
|
| 999 |
f |
f |
|s 47b7e629-4feb-356c-a92c-f9d0e5e0515e
|i 1ee82ed4-07ba-391e-9ffa-c75cdd6fbaec
|t 0
|
| 952 |
f |
f |
|p ric
|a Texas A&M University
|b Rellis Campus
|c Joint Library Facility
|d Remote Storage
|t 0
|e QH509 .I64 1981
|h Library of Congress classification
|i unmediated -- volume
|m A14806217385
|
| 998 |
f |
f |
|a QH509 .I64 1981
|t 0
|l Remote Storage
|